Extraordinary opportunities and new risks

Sparad:
Bibliografiska uppgifter
Institutionell upphovsman: Latin American Studies Association
Materialtyp: Text
Publicerad: Pennsylvania: Latin American Studies Association
Taggar: Lägg till en tagg
Inga taggar, Lägg till första taggen!

MARC

LEADER 00000 a a2200000 04500
001 22855
003
040
090 |a 156700  
110 |a Latin American Studies Association  
245 |a Extraordinary opportunities and new risks  
260 |a Pennsylvania:   |b Latin American Studies Association  
300 |a 43 p.  
999 |c 15175  |d 15175